When God invades the earth. (Record no. 17156)

000 -LEADER
fixed length control field 00479nam a2200169 a 4500
001 - CONTROL NUMBER
control field :::00020888$&:&@@
003 - CONTROL NUMBER IDENTIFIER
control field OkBaRHE
005 - DATE AND TIME OF LATEST TRANSACTION
control field 20040131143926.0
008 - FIXED-LENGTH DATA ELEMENTS--GENERAL INFORMATION
fixed length control field s2001 j 000 0 eng u
040 ## - CATALOGING SOURCE
Transcribing agency
100 1# - MAIN ENTRY--PERSONAL NAME
Personal name Hammond, Lynne
245 10 - TITLE STATEMENT
Title When God invades the earth.
260 ## - PUBLICATION, DISTRIBUTION, ETC. (IMPRINT)
Place of publication, distribution, etc Tulsa, OK
Name of publisher, distributor, etc Harrison House
Date of publication, distribution, etc 2001
300 ## - PHYSICAL DESCRIPTION
Extent 83 p.
942 ## - ADDED ENTRY ELEMENTS (KOHA)
Source of classification or shelving scheme
Koha item type Books
Copies
Date acquired Barcode Permanent Location Koha item type Price effective from Lost status Source of classification or shelving scheme Date checked out Copy number Total Checkouts Shelving location Current Location Damaged status Withdrawn status Not for loan Full call number Date last seen
2010-04-1420888RHEMA Bible Training CollegeBooks2010-04-14  2011-10-2511General StacksRHEMA Bible Training College   BV 210.2 .H32011-11-09